|
|
|
|
| LEADER |
00000cac a2200000 i 4500 |
| 003 |
Ucuenca |
| 005 |
20231121062636.0 |
| 006 |
a||||gr|||| 00| 0 |
| 007 |
ta |
| 008 |
000000s1967 ag ||||gr|||||||||||spa|a |
| 999 |
|
|
|c 125203
|d 125203
|
| 040 |
|
|
|b spa
|a UCuenca-cdrjbv
|c UCuenca
|e rda
|
| 041 |
1 |
|
|a spa
|
| 082 |
0 |
|
|2 21
|a 306
|c 57648
|
| 100 |
1 |
|
|a Benedict, Ruth.
|e autor
|9 230578
|
| 245 |
1 |
3 |
|a El hombre y la cultura:
|b investigación sobre los orígenes de la civilización contemporánea /
|c Ruth Benedict, León Dujovne, traductor.
|
| 250 |
|
|
|a Quinta edición /
|b primera colección
|
| 264 |
|
1 |
|a Buenos Aires:
|b Sudamericana,
|c 1967.
|
| 300 |
|
|
|a 329 páginas:
|c 17 cm
|
| 336 |
|
|
|2 rdacontent
|a texto
|b txt
|
| 337 |
|
|
|2 rdamedia
|a no mediado
|b n
|
| 338 |
|
|
|2 rdacarrier
|a volumen
|b nc
|
| 490 |
|
|
|a Piragua,
|v no. 120
|
| 650 |
1 |
0 |
|a Cultura
|9 146
|
| 650 |
1 |
0 |
|a Antropología social
|9 9717
|
| 650 |
1 |
0 |
|a Antropología cultural
|9 396
|
| 650 |
1 |
0 |
|2 UCuenca-cdrjbv
|a Grupos sociales
|9 4929
|
| 700 |
1 |
|
|a Dujovne, León.
|e traductor
|9 44882
|
| 852 |
|
|
|a UC-CDJBV
|
| 942 |
|
|
|2 ddc
|c CR
|0 1
|r luz.vázquez@ucuenca.edu.ec
|